Desarrumar (Registo nº 4416)

Detalhes MARC
000 -Etiqueta do registo
Cabeçalho 00792nam0a2200277 4500
005 - Identificador da versão
Campo de controlo 20240813122100.0
010 ## - Número internacional normalizado dos livros (ISBN)
Número (ISBN) 9789895577118
021 ## - Número do Depósito Legal
Código do país PT
Número 304547/10
100 ## - Dados gerais de processamento
Dados gerais de processamento 20190520d2010 bc y0pory5003 ba
102 ## - Pais de publicação ou produção
País de publicação Portugal
101 0# - Língua de publicação
Língua do texto, banda sonora, etc. Português
215 ## - Descrição física 
Indicação específica da natureza do documento e extensão da espécie [34] p.
Outras indicações físicas il. color
200 1# - Titulo e menção de responsabilidade
Título próprio Desarrumar
Primeira menção de responsabilidade Margarida Fonseca Santos
Outras menções de responsabilidade il. Inês do Carmo
225 1# - Colecção 
Título próprio da colecção Brincar com..
Nome de uma parte ou secção a matemática
210 ## - Publicação, Distribuição, etc. 
Lugar da edição, distribuição, etc. Alfragide
Nome do editor, distribuidor, etc. Gailivro
Data da publicação, distribuição, etc. 2010
300 ## - Notas gerais 
Texto da nota PNL
517 1# - Outras variantes do título
Variant Title Brincar com...
606 ## - Nome comum usado como assunto
Número de registo de entrada de autoridade 0001335
Palavra de ordem Literatura portuguesa
Subdivisão de assunto Conto
Código do sistema CA
675 ## - Classificação Decimal Universal (CDU)
Notação 821.134.3-34
Edição 3ª ed.
Língua da edição por
701 #1 - Nome de autor-pessoa física (co-responsabilidade principal)
Palavra de ordem Carmo
Outra parte do nome não tomada para palavra de ordem Inês do
Código de função Ilustrador / Técnico de desenho computorizado
700 #1 - Nome de autor-pessoa física (responsabilidade principal)
Número de registo de entrada de autoridade 0000652
Palavra de ordem Santos
Outra parte do nome não tomada para palavra de ordem Margarida Fonseca
Datas 1960-
966 ## - Identificação da Biblioteca
Sigla EBVEN
942 ## - Elementos de entrada adicionados (Koha)
Tipo de item no Koha Livro
Exemplares
Situação do levantamento Origin of item (home branch) (coded) Biblioteca de empréstimo Código de barras Cota Circulation type (not for loan) Tipo de documento Nota do exemplar Damaged status
  Biblioteca Escolar das Vendas Biblioteca Escolar das Vendas BEV2476 8POR SAN PNL   Livro Sem mensagem